| 000 | 00674naa a22002177a 4500 | ||
|---|---|---|---|
| 001 | vtls000022245 | ||
| 003 | ES-BaIT | ||
| 005 | 20260303153424.0 | ||
| 007 | t| | ||
| 008 | 111114s1996 sp |||||| |00| |spa|d | ||
| 010 | _a22245 | ||
| 035 | _a0022-24560 | ||
| 039 | 9 |
_a201701301335 _bAUTHORITY _c201403072249 _dVLOAD _c201303091946 _dVLOAD _c201111141518 _dVLOAD |
|
| 100 | 1 |
_aGarcía, Rodrigo, _d1964- _966514 |
|
| 245 | 1 | 0 |
_aPrometeo / _cRodrigo García |
| 500 | _aP4: D2, H2 | ||
| 773 | 0 |
_bMadrid : Fundamentos, 1996 _wvtls000022231 _z84-245-0740-1 _019100 _tTeatro de la España demócrata : los noventa |
|
| 790 | _w0022-23160 | ||
| 790 | _a002223160 | ||
| 942 |
_cART _2udc |
||
| 999 |
_c19112 _d19112 |
||